000 00293nam a2200133Ia 4500
008 191201s2019 xx 000 0 und d
020 _a9789353066697
100 _aDUTT, Saikat
245 0 _aMachine Learning
260 _bPearson
_c2019
300 _a428
650 _aMCA
942 _2ddc
_cBK
999 _c6826
_d6826